| 000 | 00962cam a2200229 4500 | ||
|---|---|---|---|
| 001 | ABS61397 | ||
| 008 | 000000n1999 000 0 eng u | ||
| 035 | _a(Sirsi) u100546 | ||
| 100 | _aKing, V.M. | ||
| 245 | _aOpposing renewal under section 30(1)(f) | ||
| 260 | _c1999 | ||
| 490 |
_aRent Review & Lease Renewal _v(3) September 1999, 158-164(3) |
||
| 520 | _aAnalyses Landlord and Tenant Act 1954 s30(1)(f) and the meaning of the wording. For example, does the phrase 'on the termination of the current tenancy' mean on the expiry of the contractual term, the date included in the section 25 notice or section 26 request, or the date of the court hearing, or another date altogether? | ||
| 590 | _aABS | ||
| 650 | _aLANDLORD AND TENANT ACT 1954 S30(1)(F) | ||
| 650 | _aBUSINESS LEASES | ||
| 650 | _aLEASE RENEWAL | ||
| 650 | _aNEW TENANCIES | ||
| 650 | _aGROUNDS FOR OPPOSITION | ||
| 690 | _aLANDLORD AND TENANT-BUSINESS TENANCIES | ||
| 942 | _n0 | ||
| 999 |
_c60146 _d60146 |
||